00342nam a2200109Ia 450000100070000000500170000700800410002424500410006526000190010699900190012595200880014466326720250826160209.0250824s9999 xx 000 0 und d 0a25 Topaz Perisi NazcDAISY MEADOWS bBEYAZ BAL̇NA c663267d663267 00104070a1013b1013d2025-08-24l0p1013399r2025-08-26 16:02:09w2025-08-26yBK